[Event "26th Abu Dhabi Master 2019"]
[Site "Abu Dhabi"]
[Date "2019.08.05"]
[Round "5.38"]
[White "Lee, Jun Hyeok"]
[Black "Vantika Agrawal"]
[Result "0-1"]
[WhiteElo "2383"]
[BlackElo "2243"]
[Annotator "TA"]
[PlyCount "120"]
[EventDate "2019.08.02"]
[EventType "swiss"]
[EventCountry "UAE"]
[SourceTitle "playchess.com"]
[Source "ChessBase"]
[SourceQuality "1"]

{[%evp 21,120,58,58,59,50,41,31,45,34,39,45,30,45,39,53,52,74,74,64,75,85,74,81,5,10,0,0,-22,-25,-16,20,25,24,-270,-262,-221,-231,-333,-336,-339,-327,-1262,-766,-2802,-887,-2320,-597,-579,-572,-554,-570,-566,-559,-537,-402,-508,-444,-611,-605,-684,-648,-719,-741,-742,-738,-729,-715,-704,-704,-1016,-997,-983,-840,-945,-941,-890,-866,-1458,-1166,-1448,-1416,-1139,-902,-1489,-1418,-2508,-2179,-1612,-1573,-29980,-29981,-29981,-29982,-29982,-29983,-29983,-29984,-29984,-29984,-29984,-29985]} 1. d4 Nf6 2. c4 g6 3. Nc3 Bg7 4. e4 d6 5. Nf3 O-O 6. Be2 Nbd7 7. O-O e5 8. Be3 c6 9. d5 c5 10. Ne1 Ne8 11. Nd3 f5 12. exf5 {E94: King's Indian: Classical: 6 Be2 e5 7 0-0: Various Black 7th moves} (12. f3 b6 13. b4 Ndf6 14. bxc5 bxc5 15. Rb1 Rf7 16. Qc2 Nh5 17. exf5 gxf5 18. f4 Nxf4 19. Bxf4 exf4 20. Nxf4 {0-1 (45) Erdogdu,M (2445)-Zubov,A (2612) Batumi 2017}) 12... gxf5 13. f4 e4 14. Nf2 {White is slightly better.} Bxc3 15. bxc3 Ndf6 16. h3 Kh8 17. Qe1 $146 ({Predecessor:} 17. Kh2 Rg8 18. Rg1 Qe7 19. Rb1 Qg7 {½-½ (28) Belunek,V (2421)-Sergeev,V (2478) Czechia 2003}) 17... Bd7 18. a4 {[%cal Ba2a4,Ba4a5][%mdl 32]} Nc7 19. Nd1 Qe8 20. a5 Ba4 21. Nb2 Bd7 22. Kh2 ({White should play} 22. Bf2 $16) 22... Rg8 $11 23. Bf2 Qg6 $1 $36 {[%csl Gg8][%cal Rg6g2][%mdl 2048] Black has good play.} 24. Rg1 Qh6 25. Nd1 Qxf4+ (25... Rg6 $5 {[%cal Rh6f4]}) 26. Bg3 Qh6 {Threatens to win with ...f4.} 27. Qf2 $2 {[%mdl 8192] [#]} (27. Rf1 $1 $11 {and White stays safe.}) 27... Rxg3 $1 $19 {[%mdl 512]} 28. Qxg3 {With the idea Rf1.} f4 29. Qe1 {[#]} (29. Qf2 $142) 29... f3 $1 {[%mdl 512]} 30. Bf1 {[#] White wants to play gxf3.} (30. gxf3 Qxh3#) 30... Ng4+ $1 31. Kg3 $2 (31. Kh1 Qf4 32. g3) 31... Rg8 32. hxg4 Rxg4+ 33. Kf2 {[#]} Qh4+ (33... Qh2 $142 $1 {[%mdl 512] ( -> ...Qg3+)} 34. Qxe4 Qg3+ 35. Ke3 f2+ 36. Qf3 fxg1=Q+ 37. Kd2 Qe5) 34. g3 Qh2+ 35. Ke3 {intending Bh3!} Qxg1+ 36. Qf2 Qh1 {[%cal Rh1h6]} 37. Kd2 Qh6+ 38. Ne3 Qg5 39. Rb1 Bc8 40. Bh3 Rxg3 41. Bxc8 {[#] aiming for Kc2.} Rg2 $1 {[%cal Rg2f2][%mdl 512]} 42. Qxg2 fxg2 43. Rg1 Ne8 44. Rxg2 Qf4 45. Bxb7 Nf6 46. Bc8 h5 47. Ke2 Qf3+ 48. Kd2 {[#]} Ng4 $1 49. Bxg4 hxg4 {[%mdl 4096] Endgame KQ-KRN} 50. Rh2+ Kg8 51. Re2 g3 52. Rg2 Kf7 53. a6 Kf6 54. Re2 Kg5 55. Rg2 Kh4 {Black mates.} 56. Re2 Kh3 57. Kd1 Qh1+ 58. Kd2 Qb1 59. Ng2 Qd3+ 60. Ke1 Qxe2+ {[%mdl 64] Promotion. Accuracy: White = 44%, Black = 71%.} 0-1

[Event "26th Abu Dhabi Master 2019"]
[Site "Abu Dhabi"]
[Date "2019.08.05"]
[Round "5.39"]
[White "Laxman, R.R."]
[Black "Aaryan Varshney"]
[Result "1-0"]
[WhiteElo "2429"]
[BlackElo "2284"]
[Annotator "NA"]
[PlyCount "125"]
[EventDate "2019.08.02"]
[EventType "swiss"]
[EventCountry "UAE"]
[SourceTitle "playchess.com"]
[Source "ChessBase"]
[SourceQuality "1"]
[TimeControl "5400+30"]

1. d4 Nf6 2. Nf3 e6 3. c4 d5 4. g3 Bb4+ 5. Bd2 Be7 6. Bg2 O-O 7. O-O c6 8. Bf4 b6 9. Qc2 Nbd7 10. Rd1 Bb7 11. b3 Rc8 12. Nc3 c5 13. cxd5 cxd4 14. Nxd4 Nxd5 15. Bxd5 Bxd5 16. Qb2 Bb7 17. Ndb5 a6 18. Nd6 Bxd6 19. Rxd6 Qe7 20. Rad1 Bc6 21. Na4 Bxa4 22. bxa4 Nc5 23. Qb4 a5 24. Qd4 f6 25. Be3 e5 26. Qd5+ Kh8 27. Qc4 Rfd8 28. Bxc5 bxc5 29. Qxc5 Qf8 30. Rxd8 Rxd8 31. Rd5 h6 32. Qxa5 Ra8 33. Qd2 Qc8 34. a5 h5 35. h4 Kh7 36. Qd3+ Kh6 37. Kg2 Qc6 38. Qe3+ Kh7 39. Qe4+ Kh6 40. f3 Rb8 41. Rxe5 Qxe4 42. Rxe4 Rb2 43. a4 f5 44. Re5 Ra2 45. Re6+ g6 46. Re7 Rxa4 47. Ra7 Ra2 48. Kf2 Ra4 49. a6 Ra3 50. Ra8 Kg7 51. e4 fxe4 52. fxe4 Kf7 53. a7 Kg7 54. e5 Ra2+ 55. Ke3 Ra3+ 56. Kd4 Ra4+ 57. Kc5 Ra1 58. e6 Rc1+ 59. Kd4 Rd1+ 60. Kc3 Ra1 61. e7 Re1 62. e8=Q Rxe8 63. Rxe8 1-0

[Event "26th Abu Dhabi Master 2019"]
[Site "Abu Dhabi"]
[Date "2019.08.05"]
[Round "5.40"]
[White "Dimakiling, Oliver"]
[Black "Nitish Belurkar"]
[Result "1/2-1/2"]
[WhiteElo "2403"]
[BlackElo "2302"]
[Annotator "TA"]
[PlyCount "77"]
[EventDate "2019.08.02"]
[EventType "swiss"]
[EventCountry "UAE"]
[SourceTitle "playchess.com"]
[Source "ChessBase"]
[SourceQuality "1"]

{[%evp 18,77,7,0,16,5,15,0,39,36,35,30,37,0,0,7,70,67,83,20,25,29,47,22,14,0,0,0,0,0,0,0,0,-2,0,0,60,74,75,64,128,130,185,192,168,0,79,54,56,38,47,25,23,21,20,24,48,20,28,19,53,48]} 1. c4 Nf6 2. Nf3 g6 3. g3 Bg7 4. Bg2 d6 5. O-O O-O 6. Nc3 e5 7. d3 Nc6 8. Rb1 a5 9. a3 Re8 10. e4 Bd7 {A26: English Opening vs King's Indian with ...Nc6 and d3} (10... Bg4 11. h3 Bxf3 12. Bxf3 Nd4 13. Bg2 Nd7 14. Be3 c6 15. h4 h5 16. Bh3 Kh7 17. Kh2 Qe7 18. Ne2 Ne6 {1-0 (38) Topalov,V (2749)-Bacrot,E (2708) Paris 2017}) 11. h3 Qc8 12. Kh2 h6 $146 {The position is equal.} ({Predecessor:} 12... Nd8 13. b4 axb4 14. axb4 Ne6 15. Be3 c5 16. Nd5 Nxd5 17. exd5 Nd4 18. Bxd4 cxd4 {½-½ (31) Kabanov,N (2498)-Lagno,K (2454) Moscow 2005}) 13. b4 axb4 14. axb4 Nh7 15. c5 dxc5 16. bxc5 Nd8 (16... Nf8 $11) 17. Be3 $14 Ne6 18. Qb3 (18. Nd5 $16) 18... Bc6 19. Nd5 Qd7 20. Nd2 Nf6 21. Nc4 (21. Rfc1 {looks sharper.} Nd4 22. Bxd4 exd4 23. Nb4 Ba4 24. Qb2) 21... Nxd5 22. exd5 Bxd5 {[#]} 23. Nxe5 $1 {[%mdl 512]} Bxb3 (23... Bxe5 24. Qxd5) 24. Nxd7 Ba4 25. Bxb7 Bxd7 26. c6 Ra2 (26... Bc8 $1 $11 27. Bxa8 Ba6) 27. cxd7 Rd8 28. Bc6 Nf8 {[#]} (28... Bd4 $14 29. Bd5 (29. Bxh6 Bxf2 30. Ra1 Rc2 $14) 29... Re2) 29. Rb5 $1 $16 g5 (29... Ne6 $16 {was called for.}) 30. Re1 Bc3 {[#]} 31. Rf1 $2 (31. Reb1 $1 $18 {aiming for Rb8.} Nxd7 32. Rd5) 31... Ra6 (31... Bg7 $1 $11) 32. Rc5 Bb4 33. Rc4 {Strongly threatening Bb5.} Bd6 34. Bb7 Ra5 35. h4 Nxd7 36. hxg5 hxg5 37. Bd2 Rc5 38. Ra4 f6 39. Ra2 {Accuracy: White = 53%, Black = 34%.} 1/2-1/2

[Event "26th Abu Dhabi Master 2019"]
[Site "Abu Dhabi"]
[Date "2019.08.05"]
[Round "5.41"]
[White "Sammed Jaykumar, Shete"]
[Black "Panda Sambit"]
[Result "1-0"]
[WhiteElo "2416"]
[BlackElo "2126"]
[Annotator "TA"]
[PlyCount "77"]
[EventDate "2019.08.02"]
[EventType "swiss"]
[EventCountry "UAE"]
[SourceTitle "playchess.com"]
[Source "ChessBase"]
[SourceQuality "1"]

{[%evp 9,76,31,40,32,45,39,36,29,46,28,25,-68,-63,-61,-61,-68,-66,-66,81,68,83,89,73,84,99,72,207,127,127,110,108,101,94,98,149,82,90,85,71,83,179,173,199,189,216,229,211,162,146,118,412,409,412,400,407,412,385,399,527,475,527,521,507,501,5569,5589,2052,1840,29999]} 1. e4 e5 2. Nf3 Nc6 3. Bc4 Nf6 4. d3 h6 5. c3 d6 6. h3 $146 {C55: Two Knights: 4 d3, 4 d4 exd4 5 e5 and Max Lange Attack} (6. O-O g5 7. Re1 Bg7 8. Na3 O-O 9. Bb3 Ne7 10. Nc4 Ng6 11. Ne3 c6 12. h4 Nxh4 13. Nxh4 gxh4 14. Qf3 {1-0 (72) Adams,M (2703)-McShane,L (2664) London 2018}) 6... g6 7. a4 Bg7 8. a5 {White is slightly better.} a6 9. Qb3 O-O 10. g4 (10. Be3 $11) 10... b5 11. axb6 $1 cxb6 12. g5 hxg5 13. Nxg5 {[%cal Rc4f7]} Ra7 (13... Qc7 $15 {stays ahead.} 14. Qa3 Bb7) 14. Be3 $16 b5 15. Bxb5 $1 {[%mdl 64] Pin} Rb7 16. Rxa6 Bd7 17. Na3 $1 Ne8 (17... d5 $16) 18. Qc4 Nb8 {aiming for ...Bxb5.} 19. Ra4 Bxb5 20. Nxb5 Qd7 {[#]} 21. Na3 $1 Nc6 (21... Nc7 $142) 22. Ra6 (22. Qa2 $142) 22... Ne7 23. Rb6 Rxb6 24. Bxb6 d5 (24... Qb7 $16 {keeps fighting.}) 25. Qb5 $18 Qc8 26. Bc5 ({Don't do} 26. exd5 Nf6) 26... Bf6 {...Nc7 is the strong threat.} 27. Rg1 Kg7 28. Qb6 {Black must now prevent Bxe7.} Rh8 29. h4 Rxh4 $2 {[%mdl 8192] [#]} (29... dxe4 $16 {was worth a try.} 30. Nxe4 Nd5) 30. Bxe7 $1 Bxe7 {[#]} 31. Nxf7 $1 {[%mdl 512]} Rg4 (31... Kxf7 32. Qxg6+) 32. Rxg4 Qxg4 33. Nxe5 Qg1+ 34. Ke2 dxe4 35. dxe4 Qg5 36. Qe6 Nc7 (36... Qf6 $142 37. Qxf6+ Bxf6) 37. Qf7+ Kh6 38. Nac4 {White threatens Ne3 and mate.} Qh4 39. Qxg6# {Accuracy: White = 75%, Black = 45%.} 1-0

[Event "26th Abu Dhabi Master 2019"]
[Site "Abu Dhabi"]
[Date "2019.08.05"]
[Round "5.42"]
[White "Ilyasli, Ughur"]
[Black "Sankalp Gupta"]
[Result "1-0"]
[WhiteElo "2104"]
[BlackElo "2416"]
[Annotator "TA"]
[PlyCount "87"]
[EventDate "2019.08.02"]
[EventType "swiss"]
[EventCountry "UAE"]
[SourceTitle "playchess.com"]
[Source "ChessBase"]
[SourceQuality "1"]

{[%evp 9,87,51,40,17,17,12,14,17,12,14,21,8,37,-2,6,12,50,0,8,-26,0,-28,-40,-39,-39,-28,497,500,525,519,497,516,500,500,505,506,512,507,495,514,514,511,578,578,578,578,578,578,578,578,578,570,569,569,566,562,666,639,620,549,545,540,538,531,524,516,537,474,768,741,797,787,778,779,771,756,866,854,844,833]} 1. Nf3 e6 2. c4 b6 3. g3 Bb7 4. Bg2 g5 (4... g6 5. O-O Bg7 6. Nc3 Nf6 7. d4 Ne4 8. Bd2 O-O 9. Rc1 c5 10. d5 exd5 11. cxd5 Nxd2 12. Nxd2 d6 13. Nc4 Ba6 14. b3 b5 15. Nd2 {0-1 (29) So,W (2815)-Carlsen,M (2832) chess.com INT 2017}) 5. Nc3 Bg7 6. d3 {A13: English Opening: 1...e6} g4 7. Nh4 Bxg2 8. Nxg2 {The position is equal.} Nc6 9. h3 $146 ({Predecessor:} 9. Bd2 h5 10. h3 Qc8 11. Qa4 Qb7 12. O-O-O {1-0 (39) McNab,C (2475)-Miles,A (2565) Kuala Lumpur 1992}) 9... h5 10. Qa4 Nge7 11. Nf4 Nf5 12. Bd2 Qe7 13. Nb5 {aiming for hxg4.} O-O-O $1 ({Of course not} 13... Bxb2 $6 14. Rb1 $16 (14. Nxc7+ Kd8 $15)) 14. Qa6+ ({But not} 14. Nxa7+ Kb7 $15) 14... Kb8 15. a4 {[%cal Ba2a4,Ba4a5][%mdl 32]} Nfd4 $1 {[%cal Rd4c2] White must now prevent ...Nc2+.} 16. O-O $1 Nb3 {And now ...Nc5 would win.} 17. Be3 $1 {Threatens to win with a5!} Qb4 $2 {[%mdl 8192] [#]} (17... Bd4 $11 {and Black is okay.} 18. Bxd4 Nbxd4 19. Nxd4 Nxd4) 18. a5 $1 $18 {[%cal Ra5b6] White is clearly winning.} Nc5 19. Bxc5 $1 bxc5 {[#]} 20. Nd5 $1 {[%cal Rd5b4][%mdl 512]} exd5 21. cxd5 Be5 22. dxc6 dxc6 23. Nxa7 {[%cal Ra7c6]} ({Weaker is} 23. Qxa7+ Kc8 $18) 23... Rd6 {Threatening ...Qb7.} 24. Nxc6+ Rxc6 25. Qxc6 gxh3 26. Ra4 {Threatening mate with a6.} Qb7 27. Qxb7+ Kxb7 {[%mdl 4096] Endgame KRR-KRB} 28. a6+ Ka7 29. Rc1 Bd6 30. Rcc4 Re8 31. Re4 Rb8 32. Ra2 f5 33. Rh4 f4 34. Rxh5 fxg3 35. fxg3 Bxg3 36. Rxh3 Be5 37. e3 Bxb2 38. Rh5 Bc1 (38... Rb5 $142 39. Kf2 Bc3) 39. Kf2 Re8 40. e4 c4 41. Rc5 Bf4 42. Rxc4 Rh8 43. Kf3 Bd6 44. d4 {Accuracy: White = 71%, Black = 41%.} 1-0

[Event "26th Abu Dhabi Master 2019"]
[Site "Abu Dhabi"]
[Date "2019.08.05"]
[Round "5.43"]
[White "Vaishali R"]
[Black "Eynullayev, Altay"]
[Result "1-0"]
[WhiteElo "2344"]
[BlackElo "2188"]
[Annotator "TA"]
[PlyCount "91"]
[EventDate "2019.08.02"]
[EventType "swiss"]
[EventCountry "UAE"]
[SourceTitle "playchess.com"]
[Source "ChessBase"]
[SourceQuality "1"]

{[%evp 11,91,18,31,0,8,8,10,8,9,4,44,47,53,39,52,28,44,49,64,63,52,24,88,85,93,100,97,97,126,120,120,119,119,122,123,97,102,96,100,102,126,128,119,123,128,122,207,200,202,209,214,214,202,200,214,214,214,214,207,198,227,225,256,226,232,0,248,246,255,255,323,324,378,374,346,282,291,282,5537,5516,5326,5193]} 1. e4 c5 2. Nf3 d6 3. d4 cxd4 4. Nxd4 Nf6 5. Nc3 a6 6. h3 e5 7. Nf3 {B90: Sicilian Najdorf: Unusual White 6th moves, 6 Be3 Ng4 and 6 Be3 e5} (7. Nde2 h5 8. Nd5 Nxd5 9. Qxd5 Nc6 10. Qd1 Be6 11. Nc3 Rc8 12. Be3 Ne7 13. Be2 d5 14. exd5 Nxd5 15. Nxd5 Qxd5 {½-½ (26) Wang,H (2730)-Giri,A (2783) St Petersburg 2018}) 7... Be7 8. Bc4 Be6 9. Bb3 {The position is equal.} Nbd7 10. O-O Bxb3 $146 ({Predecessor:} 10... Nc5 11. Qe2 Nxb3 12. axb3 h6 13. Rd1 Qc8 14. Nd2 b5 {0-1 (37) Vandevoort,P (2409)-Kraemer,M (2456) Charleroi 2008}) 11. axb3 O-O 12. Bg5 Qc7 13. Qd3 Rac8 14. Rfd1 h6 15. Bxf6 Nxf6 16. Nd2 Rfd8 (16... b5 $1 $11 {remains equal.}) 17. Nc4 $16 Bf8 18. Ne3 Qc6 19. Rd2 Rd7 20. Ncd5 Nxd5 21. Nxd5 Rdd8 22. c3 Qe8 23. Rad1 Qe6 24. Qf3 g6 25. Qg4 Kh7 26. Qxe6 fxe6 27. Nb6 Rc7 28. Nc4 Re8 (28... Rb8 $16 {was called for.} 29. Nxd6 b5) 29. Nxd6 $18 Bxd6 30. Rxd6 {[%mdl 4096] Endgame KRR-KRR} Kg7 31. Rd7+ Re7 32. Rd8 Rf7 33. Kf1 Rf8 34. R1d7+ Rf7 35. Rd6 Rce7 36. Ke2 Rf8 37. R6d7 Rff7 38. Rd6 Rf8 $1 39. Rxf8 Kxf8 {KR-KR} 40. Kd3 Ke8 41. c4 Kf7 42. c5 Rc7 43. Kc4 Ke7 44. b4 {[%cal Bb3b4,Bb4b5][%mdl 32]} Rc6 $2 (44... b5+ 45. Kc3 Ra7) 45. Rxc6 bxc6 {[#]} 46. b5 $1 {[%mdl 512] Accuracy: White = 72%, Black = 42%.} 1-0

[Event "26th Abu Dhabi Master 2019"]
[Site "Abu Dhabi"]
[Date "2019.08.05"]
[Round "5.44"]
[White "Tashkhodzhaev, Akram"]
[Black "Ni, Shiqun"]
[Result "1/2-1/2"]
[WhiteElo "2123"]
[BlackElo "2407"]
[Annotator "NA"]
[PlyCount "71"]
[EventDate "2019.08.02"]
[EventType "swiss"]
[EventCountry "UAE"]
[SourceTitle "playchess.com"]
[Source "ChessBase"]
[SourceQuality "1"]
[TimeControl "5400+30"]

1. e4 c6 2. d4 d5 3. Nd2 dxe4 4. Nxe4 Nf6 5. Nxf6+ exf6 6. Bc4 Bd6 7. Qe2+ Qe7 8. Qxe7+ Kxe7 9. Ne2 Bf5 10. c3 Re8 11. Bf4 Bxf4 12. Nxf4 Kf8+ 13. Kd2 c5 14. dxc5 Nc6 15. Rae1 Ne5 16. Bb5 Rec8 17. c6 bxc6 18. Be2 Rcb8 19. Kc1 a5 20. Rd1 Rb6 21. f3 h6 22. Rd2 Ke7 23. Re1 g5 24. Bd3 Be6 25. Nxe6 fxe6 26. Bf1 h5 27. Re4 Ng6 28. Ra4 c5 29. Rc4 Rc8 30. Ra4 Ra8 31. Rc4 Rc8 32. Ra4 Ra8 33. Re4 Ne5 34. g3 f5 35. Red4 Ng6 36. Ra4 1/2-1/2

[Event "26th Abu Dhabi Master 2019"]
[Site "Abu Dhabi"]
[Date "2019.08.05"]
[Round "5.45"]
[White "Vatsal Singhania"]
[Black "Soumya, Swaminathan"]
[Result "1/2-1/2"]
[WhiteElo "2213"]
[BlackElo "2402"]
[Annotator "TA"]
[PlyCount "202"]
[EventDate "2019.08.02"]
[EventType "swiss"]
[EventCountry "UAE"]
[SourceTitle "playchess.com"]
[Source "ChessBase"]
[SourceQuality "1"]

{[%evp 28,202,33,26,46,17,37,37,48,43,75,61,67,63,81,81,104,99,99,102,102,95,85,23,98,97,171,171,166,171,189,107,112,68,107,60,102,0,62,-45,0,0,23,-24,-42,-23,-32,-33,-24,-27,-24,-61,0,-65,-56,-57,-57,-60,-62,-116,-100,-231,-133,-120,-63,-57,-64,-116,-112,-116,-111,-104,-100,-99,0,-98,-89,-410,-410,-877,-681,-638,-643,-617,-495,-527,-508,-506,-505,-464,-434,-483,-450,-1289,-1065,-988,-1154,-1054,-1050,-962,-917,-863,-802,-802,-460,-460,-297,-849,-767,-2122,-2111,-2210,-2177,-1718,-2015,-2070,-2043,-1990,-1792,-1843,-979,-1006,-758,-751,-707,-687,-610,-2553,-2234,-1953,-596,-29972,-29973,-29975,-29976,-29976,-29977,-29977,-29978,-29979,-29980,-29980,-29981,-29981,-29982,-29982,-29983,-29983,-29983,-29983,-29984,-29985,-29984,-29984,-29980,-29983,-29980,-29980,-29980,-29977,-29979,-29982,-29983,-29982,-29983,-29983,-29983,-29981,-29982,-29982,-29983,-29983,-29984,-29984,-29985,-29986,-29987]} 1. e4 c5 2. Nf3 Nc6 3. d4 cxd4 4. Nxd4 Nf6 5. Nc3 d6 6. Be2 e5 7. Nf3 h6 8. O-O Be7 9. Re1 O-O 10. h3 Be6 11. Bf1 Nb8 {[%cal Bc6b8,Bb8d7,Bd7c5][%mdl 32]} 12. b3 a6 13. a4 Nbd7 14. Bb2 Qc7 15. Nd2 Qc6 {B58: Classical Sicilian: 6 Be2} 16. Qf3 (16. Nc4 Nc5 17. Qf3 b5 18. Na5 Qb6 19. axb5 axb5 20. b4 Na6 21. Ba3 Nc7 22. Rad1 Bd7 23. Qe3 Qxe3 24. Rxe3 Rfc8 25. Bc1 {½-½ (25) Smirin,I (2654)-Korotylev,A (2615) Moscow 2007}) 16... Nc5 17. Bc4 Rae8 $146 {White is slightly better.} ({Predecessor:} 17... b6 18. Bd3 Nxd3 19. Qxd3 Rfd8 20. Nf1 d5 21. exd5 Nxd5 22. Nxd5 Rxd5 23. Qf3 {0-1 (55) Signorelli,G (2193)-Lobanov,S (2435) Tarvisio 2017}) 18. a5 Bd8 19. Red1 Bxc4 20. Nxc4 Bc7 {[%cal Rc5e4]} 21. Re1 Kh8 22. Nd5 Nxd5 23. exd5 Qb5 24. Qf5 Rd8 25. g4 (25. Ba3 $16) 25... Qd7 (25... Nd7 $1 $11) 26. Ba3 Qe7 (26... f6 $16 {keeps fighting.}) 27. Bxc5 $1 $18 dxc5 28. Nxe5 Qd6 29. c4 ({Weaker is} 29. Nxf7+ Rxf7 30. Qxf7 Qh2+ 31. Kf1 Qh1+ 32. Ke2 Qe4+ 33. Kf1 Qh1+ 34. Ke2 Qe4+ 35. Kf1 Qh1+ $11) (29. Rad1 $1 $18) 29... Kg8 $16 30. f4 g6 31. Qd3 Rfe8 32. Qg3 ({Better is} 32. Ra2 $16) 32... Qf6 (32... g5 $11 33. Qd3 Re7) 33. Nd3 (33. Re4 $1 $14) 33... Qd4+ 34. Kg2 g5 {[%cal Rg5f4]} 35. Rxe8+ Rxe8 36. Re1 $1 {[%cal Re1e8]} Rxe1 37. Nxe1 Bxf4 38. Qd3 {Strongly threatening Qxd4.} Qb2+ 39. Qc2 Qa1 ({Black should try} 39... Qe5 $1 $15 40. Nf3 Qe3) 40. Qe2 (40. Nd3 $1 $11) 40... Qxa5 $15 41. Nd3 Bd6 {Hoping for ...Qc3.} 42. Nf2 Qc3 43. Qf3 ({White should play} 43. Ne4 $15 Qe5 44. Qd3) 43... Qb2 $17 44. Qe3 (44. Kf1 $17) 44... Kg7 (44... Be5 $1 $19 45. Qe4 Kg7) 45. Kf3 Qf6+ (45... Bb8 $17 46. Qd3 b6) 46. Kg2 $15 b5 47. cxb5 (47. Ne4 $15 Qe5 48. Nxd6 $1 {[%mdl 512]} Qxd6 49. Qe1) 47... axb5 $17 48. Qd3 Qe5 49. Kf1 Qa1+ 50. Kg2 Qe5 51. Kf1 b4 52. Qe2 $2 {[%mdl 8192]} (52. Ne4 $17 {is a better chance.}) 52... Qxd5 $19 53. Ne4 (53. Qe3 $142) 53... Be5 54. Qf3 Qd4 55. Qe2 Bf4 56. Kg2 Qd5 57. Qc2 Be3 58. Kf3 Bd4 59. Kg2 {[#]} h5 $1 60. Kh2 (60. Qd3 $142) (60. gxh5 f5) 60... Qe5+ 61. Kg2 h4 62. Qd3 Qf4 63. Qf3 Qc1 {[%csl Gd4][%cal Rc1g1]} 64. Qd3 Qg1+ 65. Kf3 Qh1+ 66. Ke2 Qc1 67. Qd2 $2 (67. Nd6 Kf8 68. Nf5) 67... Qxd2+ 68. Nxd2 {[%mdl 4096] Endgame [#] KB-KN} f5 $1 69. Kf3 (69. gxf5 Kf6) 69... Kf6 70. Nc4 Ke6 71. gxf5+ Kxf5 72. Nd6+ Ke5 73. Nc4+ Kd5 74. Nb6+ Ke6 75. Nc4 Be5 76. Ke4 Bf4 77. Na5 Bh2 78. Nc4 {[#]} Bg1 (78... g4 $142 $1 79. hxg4 h3) 79. Na5 {[#]} g4 $1 {Black mates.} 80. hxg4 h3 81. Kf3 h2 82. Kg2 Kf6 83. Kh1 Kg5 84. Kg2 Kxg4 85. Kh1 Kf4 86. Kg2 Ke4 87. Kh1 Kd3 88. Kg2 Kc3 89. Kh1 Bd4 90. Kg2 Be3 91. Kh1 Bg5 92. Kxh2 Bf4+ 93. Kg2 Bc7 94. Nc4 Kxb3 95. Nd2+ Kc2 96. Nc4 b3 97. Kf3 b2 98. Ke4 b1=Q 99. Na3+ Kb2+ 100. Nxb1 Kxb1 101. Kd5 Bb6 {[%mdl 32768] Accuracy: White = 40%, Black = 63%. . An unexpected result.} 1/2-1/2

[Event "26th Abu Dhabi Master 2019"]
[Site "Abu Dhabi"]
[Date "2019.08.05"]
[Round "5.46"]
[White "Rakesh Kumar Jena"]
[Black "Ashraf, Artin"]
[Result "1-0"]
[WhiteElo "2395"]
[BlackElo "2141"]
[Annotator "TA"]
[PlyCount "103"]
[EventDate "2019.08.02"]
[EventType "swiss"]
[EventCountry "UAE"]
[SourceTitle "playchess.com"]
[Source "ChessBase"]
[SourceQuality "1"]

{[%evp 12,103,34,34,34,33,58,57,42,-55,-58,-65,-71,-90,-85,-81,-75,-157,-161,-141,-61,-63,-49,-43,-42,-53,-48,-51,-26,-22,-20,-20,-18,-30,0,0,0,0,0,0,0,0,8,8,20,13,35,19,39,8,10,8,52,8,19,25,26,8,8,8,2,8,10,8,25,9,20,13,449,418,486,469,419,143,172,187,828,497,1704,1540,29972,29971,29972,29971,29977,29978,29978,29978,29978,29979,29980,29981,29982,29983]} 1. d4 Nf6 2. Bf4 d5 3. e3 c5 4. Nf3 Nc6 5. Nbd2 cxd4 6. exd4 Bg4 7. c3 e6 {B13: Caro-Kann: Exchange Variation and Panov-Botvinnik Attack} 8. Qb3 Bd6 9. Qxb7 O-O {White is slightly better.} 10. Ne5 $146 (10. Bg3 $14 Bxg3 11. hxg3) ({Predecessor:} 10. Bg3 Rc8 11. Bd3 Bxg3 12. hxg3 Qd6 13. Qa6 Rb8 14. Nb3 Rb6 15. Qa4 {1-0 (25) Eljanov,P (2707)-Hammer,J (2629) Palma de Mallorca 2017}) 10... Nxe5 $1 $15 11. dxe5 Bc7 12. Qb4 Nd7 13. Qd4 Bb6 14. Qd3 ({White should try} 14. Qa4) 14... f6 $1 $17 ({And not} 14... Qh4 15. Qg3 $11) 15. Be2 Bxf2+ ({Much less strong is} 15... Nxe5 16. Bxe5 Bxe2 17. Qxe2 $15) (15... Nc5 $17 16. Qg3 Bxe2 17. Kxe2 Qe8) 16. Kxf2 $15 fxe5 {[%mdl 64] Pin} 17. Bxg4 Rxf4+ 18. Bf3 {White wants to play Qe3.} e4 {[%mdl 64] Pin} 19. Qe3 $1 {[%cal Re3f4]} Qf6 {White must now prevent ...Ne5.} 20. Rhe1 ({But not} 20. g3 $2 Rf5 $19) 20... Ne5 {[%mdl 64] Pin} 21. Kg1 $1 {Hoping for Be2.} exf3 22. gxf3 Nxf3+ 23. Nxf3 Rxf3 24. Qxe6+ Qxe6 25. Rxe6 $11 {[%mdl 4096] Endgame KRR-KRR} Rb8 26. Re2 Rf6 27. Rd1 Ra6 28. a3 Rg6+ 29. Kf1 Rf8+ 30. Rf2 Rxf2+ 31. Kxf2 {KR-KR} Rb6 32. Rd2 Kf7 33. Ke3 Ke6 34. Kd4 Rc6 35. b3 Rb6 36. Rb2 h6 37. a4 g5 38. Kc5 {With the idea b4.} Rb8 39. Re2+ Kf5 $2 {[%mdl 8192]} (39... Kd7 $1 $11 {and Black stays safe.}) 40. Kxd5 $18 Rxb3 41. Rf2+ Kg4 42. c4 $2 (42. Rc2 $1 $18 {and the rest is easy.} Kf5 43. c4) 42... Rd3+ $16 {[#]} 43. Kc6 $1 Kh3 $2 (43... Ra3 44. c5 Rxa4) 44. c5 g4 {[#]} (44... Ra3 $142 45. Rc2 Rxa4) 45. Rc2 $1 $18 h5 46. Kb7 {White mates.} Rd7+ 47. Kb8 h4 48. c6 Rd8+ 49. Kb7 g3 50. hxg3 hxg3 51. c7 Rd7 52. Kb8 {Accuracy: White = 55%, Black = 41%.} 1-0